Clubs où a joué Kylian Mbappé - Statistiques

Statistiques générales
  • Ce quiz a été pris 265 fois
  • Le résultat moyen est 5 sur 6
Statistiques - réponses
Années Clubs Pays % Correct
2017 - 2018 Paris Saint Germain France
98%
2018 - 2024 Paris Saint Germain France
98%
depuis 2024 Real Madrid Espagne
97%
2013 - 2015 AS Monaco France
94%
2015 - 2018 AS Monaco France
94%
2004 - 2013 AS Bondy France
50%
Aucun quiz correspondant
Distribution des résultats
% des personnes avec chaque résultat
Percentile par nombre de réponses
Votre historique - résultats
Vous n’avez pas pris ce quiz